01017nam a2200229Ia 4500008004100000020001500041082001500056100001800071245002000089250000800109260002800117300001300145500002400158650001200182942000700194952010700201952011900308952010700427952013100534952010700665999001500772230524s9999 xx 000 0 und d a8187522046 a5.133bMOH aP.B.Mahapatra 0aThinking in C++ a2ND aNEW DELHIbKhannac2005 aXVII;655 aQuantity Number: 5 aComp-Sc cBK 00104070aTATCLbTATCLcGENd2023-05-24l0o005.133 MOHp10453r2023-05-24w2023-05-24yBKzBCSE3201 00104070aTATCLbTATCLcGENd2023-05-24l1o005.133 MOHp10454r2026-01-27s2025-07-30w2023-05-24yBKzBCSE3201 00104070aTATCLbTATCLcGENd2023-05-24l0o005.133 MOHp10455r2023-05-24w2023-05-24yBKzBCSE3201 00104070aTATCLbTATCLcGENd2023-05-24l1o005.133 MOHp10456q2015-08-06r2024-01-29s2024-01-29w2023-05-24yBKzBCSE3201 00104070aTATCLbTATCLcGENd2023-05-24l0o005.133 MOHp10457r2023-05-24w2023-05-24yBKzBCSE3201 c8726d8726